000 00556nam a22001697a 4500
005 20251108175737.0
008 250721s2004 xx 000 0 ara d
082 1 4 _aم/347/سنه
100 1 _aالسنهوري، عبد الرزاق أحمد
245 1 0 _aالوجيز في النظرية العامة للإلتزام /
264 1 _aالاسكندرية :
_bمنشأة المعارف،
_c2004.
300 _a1466ص.
650 1 7 _aالقانون المدني
650 1 7 _aالالتزامات (قانون)
942 _2ddc
_cREF
999 _c141331
_d141331